Normal view
MARC view
Entry Personal Name
001 - CONTROL NUMBER
- control field: 1060
003 - CONTROL NUMBER IDENTIFIER
- control field: AM-YEHGA
005 - DATE AND TIME OF LATEST TRANSACTION
- control field: 20250617070425.0
008 - FIXED-LENGTH DATA ELEMENTS
- fixed length control field: 041122 a|ac|n|aab||||||||||||a |n|||||||
040 ## - CATALOGING SOURCE
- Original cataloging agency: AM-YEHGA
100 1# - HEADING--PERSONAL NAME
- Personal name: Սարգսյան, Լիպարիտ Տիգրանի,
- Dates associated with a name: 1938-2023
400 1# - SEE FROM TRACING--PERSONAL NAME
- Personal name: Սարգսյան, Լիպարիտ,
- Dates associated with a name: 1938-2023
400 1# - SEE FROM TRACING--PERSONAL NAME
- Personal name: Սարգսյան, Լ.Տ.
- Fuller form of name: (Լիպարիտ Տիգրանի),
- Dates associated with a name: 1938-2023
400 1# - SEE FROM TRACING--PERSONAL NAME
- Personal name: Саркисян, Липарит Тигранович,
- Dates associated with a name: 1938-2023
400 1# - SEE FROM TRACING--PERSONAL NAME
- Personal name: Саркисян, Липарит,
- Dates associated with a name: 1938-2023
400 1# - SEE FROM TRACING--PERSONAL NAME
- Personal name: Sargsyan, Liparit Tigrani,
- Dates associated with a name: 1938-2023
670 ## - SOURCE DATA FOUND
- Source citation: Հայկական համառոտ հանրագիտարան, 2003 :
- Information found: հ. 4 (Սարգսյան Լիպարիտ Տիգրանի (ծ. 5.2.1938, Վահագնի (ՀՀ Լոռու մ.)), բանաստեղծ, արձակագիր։ ՀԳՄ Ստ. Զորյանի անվ. մրց. (1991))
670 ## - SOURCE DATA FOUND
- Source citation: Արմատահան ծառեր (վիպակներ, պատմվածքներ), 1991 :
- Information found: տիտղթ. (Լիպարիտ Սարգսյան); վերջ. (Սարգսյան Լիպարիտ Տիգրանի)
ՀՀ Գիտությունների ազգային ակադեմիայի հիմնարար գիտական գրադարան = Fundamental Scientific Library of NAS RA
All site content, except where otherwise noted, is licensed under a